| 000 | 00890nam a22003017a 4500 | ||
|---|---|---|---|
| 001 | 000731 | ||
| 003 | DO-SdBNP | ||
| 005 | 20180209154125.0 | ||
| 007 | 000731 | ||
| 008 | 161123b 2003 mx a ||||| |||| 00| 0 spa d | ||
| 020 | _a9687791764 | ||
| 020 | _a9706883436 | ||
| 040 |
_aBPMSU _bspa _cBPMSU |
||
| 082 |
_axxxx _bxxxx |
||
| 100 | 1 | _aZepeda, Monique | |
| 245 | 1 | 0 |
_aEl cuaderno de Pancha / _cMonique Zepeda ; ilustraciones Martha Flores. |
| 250 | _a3ª ed. | ||
| 260 |
_aMéxico, D. F. : _bSM, _c2003. |
||
| 300 |
_a109 p. : _bil. ; _c19 cm. |
||
| 490 | 1 |
_aBarco de vapor. Serie naranja _v6 |
|
| 500 | _a"A partir de 9 años" | ||
| 500 | _aIncluye datos del autor | ||
| 700 | 1 | 2 |
_aFlores, Martha, _eil. |
| 830 | 0 |
_aBarco de vapor. Serie naranja ; _v6 |
|
| 942 |
_2ddc _cBK |
||
| 945 | _aInventariado, 2008 / YL | ||
| 956 |
_2LOPEREZ _310 _620161123 _8BPMSU _a00041 |
||
| 999 |
_c12047 _d12047 |
||